| 000 | 00000nam##2200000za#4500 |
| 001 | 9.588137 |
| 003 | CaOODSP |
| 005 | 20210624194957 |
| 007 | cr ||||||||||| |
| 008 | 150406|1999||||xxc|||||o f|0| 0 eng|d |
| 022 | |a1488-5379 |
| 040 | |aCaOODSP|beng |
| 041 | |aeng |
| 041 | |afre |
| 043 | |an-cn--- |
| 086 | 1 |aFs97-6/2260-PDF |
| 110 | 1 |aCanada. |bDepartment of Fisheries and Oceans. |
| 245 | 10|aProceedings of the 25th annual Aquatic Toxicity Workshop, October 18-21, 1998, Quebec City, Quebec / |h[electronic resource]|ceditors, R. Van Coillie ...[et al.]. |
| 260 | |aBurlington - Ontario : |bFisheries and Oceans Canada |cc1999. |
| 300 | |a150p.|btables |
| 490 | 1 |aCanadian technical report of fisheries and aquatic sciences|x1488-5379|vNo. 2260 |
| 500 | |aThe catalogue number (Fs99-6/2197) and ISSN (0706-6457) for the bilingual print edition have been incorrectly copied in this electronic publication. |
| 546 | |aPrefatory texts in English and French. Articles in their original languages. |
| 590 | |a12-33-Supp|b2012-07-18 |
| 720 | 1 |aVan Coillie, R. |
| 776 | 0#|tProceedings of the 25th annual aquatic toxicity workshop: October 18-21, 1998, Quebec City, Quebec |w(CaOODSP)9.614874 |
| 792 | |tComptes rendus du 25e colioque annuel de toxicité aquatique, 18-21 octobre 1998, Québec, Québec / |efre|w(CaOODSP)9.588138 |
| 830 | #0|aCanadian technical report of fisheries and aquatic sciences,|x1488-5379|vNo. 2260|w(CaOODSP)9.500269 |
| 856 | 40|ahttp://publications.gc.ca|qPDF|s7.41 MB|uhttps://publications.gc.ca/collections/collection_2012/mpo-dfo/Fs97-6-2260.pdf|yNo. 2260 |